Химическая технология. Керамические и стеклокристаллические материалы для медицины: учебное пособие для магистратуры

書誌詳細
団体著者: Национальный исследовательский Томский политехнический университет (ТПУ)
その他の著者: Верещагин В. И. Владимир Иванович, Хабас Т. А. Тамара Андреевна, Кулинич Е. А. Екатерина Александровна, Игнатов В. П. Виктор Павлович
要約:В учебном пособии "Химическая технология. Керамические и стеклокристаллические материалы для медицины" хорошо представлены основные современные проблемы применения неорганических материалов в медицине, рассмотрены соответствующие описательные примеры использования стоматологической керамики и керамики для имплантатов. представлены методики химического анализа и статистические данные. На данный момент ряд данных механических характеристик, приводимых в учебном пособии, устарел. Однако это существенно не влияет на процесс обучения анализа керамических и стеклокристаллических материалов, и произошедшие изменения при необходимости могут быть учтены преподавателями. Для магистров и дипломированных специалистов по программе "Химическая технология тугоплавких неметаллических и силикатных материалов", а также для аспирантов, научных и инженерно-технических работников.
言語:ロシア語
出版事項: Москва, Юрайт, 2019
シリーズ:Университеты России
主題:
フォーマット: 図書
KOHA link:https://koha.lib.tpu.ru/cgi-bin/koha/opac-detail.pl?biblionumber=343579

MARC

LEADER 00000nam0a2200000 4500
001 343579
005 20240209110614.0
010 |a 9785534108804 
035 |a (RuTPU)RU\TPU\book\373989 
035 |a RU\TPU\book\333376 
090 |a 343579 
100 |a 20151028d2019 m y0rusy50 ca 
101 0 |a rus 
102 |a RU 
105 |a a j 001zy 
200 1 |a Химическая технология. Керамические и стеклокристаллические материалы для медицины  |e учебное пособие для магистратуры  |f В. И. Верещагин [и др.]  |g Национальный исследовательский Томский политехнический университет (ТПУ) 
210 |a Москва  |c Юрайт  |d 2019 
215 |a 148 с.  |c ил. 
225 1 |a Университеты России 
320 |a Библиогр.: с. 145-147 
330 |a В учебном пособии "Химическая технология. Керамические и стеклокристаллические материалы для медицины" хорошо представлены основные современные проблемы применения неорганических материалов в медицине, рассмотрены соответствующие описательные примеры использования стоматологической керамики и керамики для имплантатов. представлены методики химического анализа и статистические данные. На данный момент ряд данных механических характеристик, приводимых в учебном пособии, устарел. Однако это существенно не влияет на процесс обучения анализа керамических и стеклокристаллических материалов, и произошедшие изменения при необходимости могут быть учтены преподавателями. Для магистров и дипломированных специалистов по программе "Химическая технология тугоплавких неметаллических и силикатных материалов", а также для аспирантов, научных и инженерно-технических работников. 
606 1 |a Медицинское материаловедение  |2 stltpush  |3 (RuTPU)RU\TPU\subj\58939  |9 76620 
606 1 |a Керамика в целом  |2 stltpush  |3 (RuTPU)RU\TPU\subj\34758  |9 56633 
610 1 |a медицина 
610 1 |a травматология 
610 1 |a ортопедия 
610 1 |a костные ткани 
610 1 |a применение 
610 1 |a стоматологический фарфор 
610 1 |a тугоплавкие керамические материалы 
610 1 |a стоматологические ситаллы 
610 1 |a зубопротезирование 
610 1 |a восстановительная хирургия 
610 1 |a полимеры 
610 1 |a композиционные материалы 
610 1 |a цементы 
610 1 |a сплавы 
610 1 |a имплантаты 
610 1 |a костная хирургия 
610 1 |a керамические покрытия 
610 1 |a учебные пособия 
610 1 |a труды учёных ТПУ 
675 |a 615.4(075.8)  |v 4 
675 |a 666.3(075.8)  |v 4 
701 1 |a Верещагин  |b В. И.  |c химик-технолог  |c профессор Томского политехнического университета, доктор технических наук  |f 1942-  |g Владимир Иванович  |3 (RuTPU)RU\TPU\pers\19774  |9 7712 
701 1 |a Хабас  |b Т. А.  |c химик  |c профессор Томского политехнического университета, доктор технических наук  |f 1949-  |g Тамара Андреевна  |3 (RuTPU)RU\TPU\pers\25651  |9 11562 
701 1 |a Кулинич  |b Е. А.  |c химик  |c доцент Томского политехнического университета, кандидат технических наук  |f 1975-  |g Екатерина Александровна  |3 (RuTPU)RU\TPU\pers\25615  |9 11544 
701 1 |a Игнатов  |b В. П.  |c химик-технолог  |c заведующий лабораторией Томского политехнического университета  |f 1946-  |g Виктор Павлович  |3 (RuTPU)RU\TPU\pers\29277 
712 0 2 |a Национальный исследовательский Томский политехнический университет (ТПУ)  |c (2009- )  |3 (RuTPU)RU\TPU\col\15902 
801 1 |a RU  |b 63413507  |c 20191010 
801 2 |a RU  |b 63413507  |c 20191121  |g RCR 
942 |c BK